| 000 | 01633cam a2200409 a 4500 | ||
|---|---|---|---|
| 001 | 1186941 | ||
| 003 | ARRUPE | ||
| 005 | 20150923082341.0 | ||
| 008 | 791015s1970 mnua 000 0 eng d | ||
| 010 | _a 57012861 | ||
| 015 | _aC73-1169-0 | ||
| 020 | _a0816605912 : | ||
| 035 | _a(OCoLC)ocm05526779 | ||
| 035 | _a(NNC)1186941 | ||
| 040 |
_aCOO _cCOO _dTOL _dNLC _dNLM _dBLC _dPIT _dUPM _dZCU |
||
| 050 |
_aQ175 _bA532 1970 |
||
| 082 | _a501 | ||
| 100 |
_aRadner, Michael. _919914 |
||
| 245 | 0 | 0 |
_aAnalyses of theories and methods of physics and psychology / _cedited by Michael Radner and Stephen Winokur for the Minnesota Center for Philosophy of Science. |
| 260 |
_aMinneapolis, Minn. : _bUniversity of Minnesota Press, _c1970. |
||
| 300 |
_aix, 441 p. : _bill. ; _c24 cm. |
||
| 490 | 1 |
_aMinnesota studies in the philosophy of science ; _vv. 4 |
|
| 500 | _aThe first group of papers presented here evolved from a conference held in May, 1966 at the Minnesota Center for Philosophy of Science; the second group from essays by the staff of the Center and its visitors during 1969-70. | ||
| 504 | _aIncludes bibliography and indexes. | ||
| 650 | 5 |
_aScience _xPhilosophy. _919915 |
|
| 650 | 5 |
_aPsychology _920 |
|
| 650 | 6 |
_aSciences _xPhilosophie. _919916 |
|
| 650 | 6 |
_aPsychologie _xMéthodologie. _919917 |
|
| 650 | 2 |
_aScience. _92892 |
|
| 650 | 2 |
_aPhysics. _92736 |
|
| 650 | 2 |
_aPsychology. _920 |
|
| 700 | 1 |
_aRadner, Michael. _919914 _eed. |
|
| 700 | 1 |
_aWinokur, Stephen, _d1941- _919918 _eed. |
|
| 830 | 0 |
_aMinnesota studies in the philosophy of science ; _vv. 4. _919919 |
|
| 942 |
_2lcc _cMONOGRAPH |
||
| 999 |
_c123418 _d123418 |
||